الشيوخ والشباب : (رقم التسجيلة. 94640)
[ عرض عادي ]
| 000 -الفاتح | |
|---|---|
| عناصر البيانات ثابتة الطول | 00824cam a2200229 i 4500 |
| 005 - تاريخ ووقت آخر معاملة | |
| حقل ضبط | 20260212102913.0 |
| 008 - عناصر البيانات ثابتة الطول | |
| عناصر البيانات ثابتة الطول | 250721s2001 sy gr 000 f ara d |
| 041 1# - كود اللغة | |
| كود اللغة لنص/مسار صوت أو عنوان منفصل | ara |
| كود اللغة للأصل | eng |
| 082 14 - رقم تصنيف ديوي العشري | |
| رقم التصنيف | ق |
| رقم المادة | ب ي ر |
| 100 1# - مدخل رئيسي – اسم شخصي | |
| الاسم الشخصي | بيرنديلو، لويجي |
| علاقة الشخص بالعمل/ دوره | مؤلف. |
| 245 12 - بيان العنوان | |
| العنوان | الشيوخ والشباب : |
| بقية العنوان | رواية عالمية / |
| بيان المسؤولية | لويجي بيرنديلو ؛ ترجمة علي باشا. |
| 246 11 - الأشكال المختلفة للعنوان | |
| العنوان الفعلي/العنوان المختصر | les vieux et les ieunes |
| 264 31 - بيانات النشر، التوزيع…إلخ | |
| مكان النشر، التوزيع...إلخ | دمشق : |
| اسم الناشر، الموزع...إلخ | منشورات وزارة الثقافة، |
| تاريخ النشر، التوزيع...إلخ | 2001. |
| 300 ## - الوصف المادي | |
| عدد الوحدات المكونة للوعاء | 640 صفحة. |
| 490 0# - بيان السلسلة | |
| عنوان السلسلة | روايات عالمية؛ |
| رقم الوعاء في السلسلة | رقم 85. |
| 650 17 - مدخل إضافي بالموضوع - مصطلح موضوعي | |
| مصطلح موضوعي أو اسم جغرافي كعنصر مدخل | الأدب المترجم. |
| 650 17 - مدخل إضافي بالموضوع - مصطلح موضوعي | |
| مصطلح موضوعي أو اسم جغرافي كعنصر مدخل | الروايات. |
| 700 1# - مدخل إضافي - اسم شخصي | |
| الاسم الشخصي | باشا، علي |
| علاقة الشخص بالعمل/ دوره | مترجم. |
| 830 #0 - مدخل إضافي بالسلسلة-عنوان مقنن | |
| عنوان السلسسلة | روايات عالمية. |
| 942 ## - بيانات إضافية (كوها) | |
| نوع التنصيف | Dewey Decimal Classification |
| نوع المادة (كوها) | كتب |
| حالة السحب | حالة الفقدان | مصدر التصنيف | حالة التلف | غير قابل للإعارة | المكتبة الرئيسية | المكتبة الحالية | موقع الرف | تاريخ التزويد | الرقم المتسلسل | Total Checkouts | رقم الإستدعاء | الباركود | تاريخ آخر ظهور | تاريخ الفاتورة | نوع المادة (كوها) |
|---|---|---|---|---|---|---|---|---|---|---|---|---|---|---|---|
| Dewey Decimal Classification | المكتبة المركزية | المكتبة المركزية | الإعارة | 28/07/2025 | 618738 | ق / ب ي ر | 618738 | 28/07/2025 | 28/07/2025 | كتب |